| 000 | 00495cam a2200205ua 4500 | ||
|---|---|---|---|
| 001 | 7374 | ||
| 005 | 20260515114213.0 | ||
| 008 | 141208n ii |||gr||||Z||||||ben | ||
| 040 | _cMAIN | ||
| 041 | _aben | ||
| 082 | _a891.443 | ||
| 100 |
_aRai, T., _eAuthor. |
||
| 245 | 1 |
_aSipahi Judher Galpa _cBy Tapati Rai |
|
| 250 | _a1st. | ||
| 260 |
_aKolkatta: _bPresidency, _c1957. |
||
| 300 | _a87p. | ||
| 653 | _aEast Indo-European & Celtic literatures | ||
| 653 | _aBengali stories | ||
| 942 | _cBK | ||
| 999 |
_c6494 _d6494 |
||